| 000 | 01033nac a22003131i 4500 | ||
|---|---|---|---|
| 003 | EG-ScBUE | ||
| 005 | 20250804085534.0 | ||
| 008 | 100902s2003 ii a f 000 0 eng d | ||
| 020 | _a812614134 | ||
| 020 | _a9788126114139 | ||
| 040 |
_aEG-ScBUE _beng _erda _cEG-ScBUE _dEG-ScBUE |
||
| 082 | 0 | 4 |
_a547.12254 _bARO _222 |
| 100 | 1 |
_aArora ,M. G., _eauthor. _917813 |
|
| 245 | 1 | 0 |
_aPolymer chemistry / _cby M. G.Arora, M. Singh, M. S.Yadav ; edited by Seema Yadav. |
| 250 |
_aSecond edition, _brevised & enlarged. |
||
| 264 | 1 |
_aNew Delhi : _bAnmol Publications PVT. LTD, _c2003. |
|
| 300 |
_a438 pages : _billustrations ; _c22 cm |
||
| 336 |
_2rdacontent _atext _btxt |
||
| 337 |
_aunmediated _2rdamedia _bn |
||
| 338 |
_avolume _bnc _2rdacarrier |
||
| 650 | 7 |
_aPolymers. _917814 |
|
| 650 | 7 |
_aPolymerization. _917815 |
|
| 650 | 7 |
_aChemistry. _917816 |
|
| 650 | 7 |
_aPolymers. _917817 |
|
| 655 | _vReading book | ||
| 700 | 1 |
_aSingh ,M., _eauthor. _917818 |
|
| 700 | 1 |
_aYadav, M. S., _eauthor. _917819 |
|
| 942 |
_cBB _2ddc |
||
| 999 |
_c2907 _d2907 |
||